Massachusetts Counties by Population - Statistics

General Stats
  • This quiz has been taken 57 times
  • The average score is 13 of 14
Answer Stats
Population County % Correct
1,614,742 Middlesex
100%
807,074 Essex
98%
724,505 Norfolk
98%
771,245 Suffolk
98%
862,029 Worcester
98%
533,003 Plymouth
95%
580,164 Bristol
93%
462,718 Hampden
93%
14,491 Nantucket
91%
128,657 Berkshire
89%
21,097 Dukes
89%
71,015 Franklin
89%
232,411 Barnstable
86%
161,572 Hampshire
86%
No matching quizzes found
Score Distribution
Percent of People with Each Score
Percentile by Number Answered
Your Score History
You have not taken this quiz